| 000 | 00678nam a22002177a 4500 | ||
|---|---|---|---|
| 003 | UA-OsUOA | ||
| 001 | 122286 | ||
| 007 | ta | ||
| 008 | 20170424b un ||||| |||| 00| 0 ukr d | ||
| 100 | _aЗаблоцький М.Б. | ||
| 090 |
_a330(477) _bЗ-12 |
||
| 942 | _cSA | ||
| 040 |
_aUA-OsUOA _bukr _cUA-OsUOA _dUA-OsUOA |
||
| 245 | _aРегулювання балансу національних витрат і національного доходу | ||
| 300 | _aС.113-120 | ||
| 955 | _a0 | ||
| 041 | _aukr | ||
| 080 | _a330(477) | ||
| 773 | 0 |
_w122277 _tРегіональна економіка _dЛьвів _d2017 _g1 |
|
| 650 | 7 |
_a330 Економіка взагалі _2UDC |
|
| 999 |
_c408497 _d408497 |
||